000 00770nam a2200229 i 4500
001 101397
003 ES-MaACL
005 20250829062548.0
007 t|
008 051018s1945 sp ||||1| spa d
100 1 _aMaurois, André,
_d1885-1967
_979267
245 1 0 _aTragedia en Francia /
_cAndré Maurois, [seud.] de Emile Herzog; traducción autorizada del francés por F. Oliver Brachfeld.
250 _a2ª ed. refundida y aum.
260 _aBarcelona :
_bLara,
_c1945.
300 _a237 p. ;
_c20 cm.
490 1 _aVoces de Francia
650 0 4 _aGuerra mundial, 1939-1945-
_vRelatos personales.
_913254
700 1 _aOliver Brachfeld, F.
_986832
830 0 _aVoces de Francia
_9232475
852 _aES-MaACL
_jF-16348
_bR.21245
999 _c101397
_d101397